Sports Quiz

Random Sports or Basketball Quiz

NBA Champions (Players) Venn Diagram Quiz Stats

 Plays Quiz not verified by Sporcle

Score 0/8 Timer 03:00
1 Play Today
% Correct
Chauncey Billups
Pistons: 2004
92.5%
Toni Kukoc
Bulls: 1996, 1997, 1998
83.3%
Dennis Rodman
Pistons: 1989, 1990
Bulls: 1996, 1997, 1998
82.8%
AC Green
Lakers: 1987, 1988, 2000
79.4%
Horace Grant
Bulls: 1991, 1992, 1993
Lakers: 2001
74.1%
Lindsey Hunter
Lakers: 2002
Pistons: 2004
65.4%
Sam Cassell
Rockets: 1994, 1995
Celtics: 2008
63.9%
John Salley
Pistons: 1989, 1990
Bulls: 1996
Lakers: 2000
55.9%

You're not logged in!

Compare scores with friends on all Sporcle quizzes.
OR
Log In

Show Comments

Extras

Top Quizzes Today


Score Distribution

Your Account Isn't Verified!

In order to create a playlist on Sporcle, you need to verify the email address you used during registration. Go to your Sporcle Settings to finish the process.

Report this User

Report this user for behavior that violates our Community Guidelines.

Details: